[Event "GRE-chT 51st"]
[Site "Trikala"]
[Date "2024.07.04"]
[Round "1.6"]
[White "Platsaki, Evgenia Valeria"]
[Black "Mplitsa, Artemis"]
[Result "1-0"]
[WhiteElo "1774"]
[BlackElo "1649"]
[PlyCount "53"]
[EventDate "2024.07.04"]
[EventType "team-swiss"]
[EventRounds "7"]
[EventCountry "GRE"]
[SourceTitle "CBM 221 Extra"]
[Source "ChessBase"]
[SourceDate "2024.09.30"]
[SourceVersion "1"]
[SourceVersionDate "2024.09.30"]
[SourceQuality "1"]
[WhiteTeam "Evoiki ES"]
[BlackTeam "Alexanthroepoles Ethnikos"]
[WhiteTeamCountry "GRE"]
[BlackTeamCountry "GRE"]

1. d4 d5 2. c4 c6 3. Nf3 Nf6 4. e3 a6 5. Nc3 b5 6. cxd5 cxd5 7. Bd3 Bg4 8. h3 Bh5 9. Bd2 e6 10. a3 Bd6 11. Rc1 Nbd7 12. 0-0 0-0 13. e4 dxe4 14. Nxe4 Be7 15. Ng3 Bg6 16. Bxg6 hxg6 17. Ne5 Bd6 18. Bf4 Nb6 19. Qf3 Nbd5 20. Bg5 Qb6 21. Bxf6 Nxf6 22. Rfd1 Rac8 23. Rxc8 Rxc8 24. Ne4 Qd8 25. Nxd6 Qxd6 26. Qb7 Rc7 27. Qb8+ 1-0

[Event "GRE-ch U16 Girls"]
[Site "Peristeri"]
[Date "2023.07.09"]
[Round "9"]
[White "Mplitsa, Artemis"]
[Black "Potiri, Kyriaki"]
[Result "1-0"]
[WhiteElo "1433"]
[BlackElo "1126"]
[PlyCount "53"]
[EventDate "2023.07.03"]
[EventType "swiss"]
[EventRounds "9"]
[EventCountry "GRE"]
[SourceTitle "EXT 2024"]
[Source "ChessBase"]
[SourceDate "2023.10.10"]
[SourceVersion "1"]
[SourceVersionDate "2023.10.10"]
[SourceQuality "1"]

1. d4 Nf6 2. c4 e6 3. Nf3 Bb4+ 4. Bd2 Qe7 5. g3 b6 6. Bg2 Bb7 7. 0-0 Bxd2 8. Qxd2 0-0 9. b3 d6 10. Nc3 e5 11. d5 Nbd7 12. Nh4 e4 13. Qg5 h6 14. Qe3 Rfe8 15. Qd4 c6 16. Nf5 Qf8 17. dxc6 Bxc6 18. Nxd6 Re6 19. Ndxe4 Rd8 20. Rad1 Rc8 21. Nxf6+ Nxf6 22. Bh3 Ree8 23. Bxc8 Rxc8 24. Qd6 Qe8 25. Rd4 Nd7 26. Nd5 Kh8 27. Ne7 1-0

[Event "GRE-ch U16 Girls"]
[Site "Peristeri"]
[Date "2023.07.07"]
[Round "7"]
[White "Mplitsa, Artemis"]
[Black "Pouliliou, Nikoleta"]
[Result "0-1"]
[WhiteElo "1433"]
[BlackElo "1130"]
[PlyCount "92"]
[EventDate "2023.07.03"]
[EventType "swiss"]
[EventRounds "9"]
[EventCountry "GRE"]
[SourceTitle "EXT 2024"]
[Source "ChessBase"]
[SourceDate "2023.10.10"]
[SourceVersion "1"]
[SourceVersionDate "2023.10.10"]
[SourceQuality "1"]

1. d4 Nf6 2. c4 e6 3. Nf3 d5 4. g3 Be7 5. Bg2 0-0 6. 0-0 dxc4 7. Ne5 Nc6 8. Bxc6 bxc6 9. Nc3 c5 10. dxc5 Bxc5 11. Nxc4 h6 12. Qc2 Bb6 13. b3 Bb7 14. Rd1 Qe7 15. Bf4 Rfd8 16. a4 Qc5 17. Be3 Qc6 18. f3 Ng4 19. Bxb6 cxb6 20. Ne4 f5 21. fxg4 Qxe4 22. Qxe4 Bxe4 23. Rd6 Bd5 24. Rxd8+ Rxd8 25. Ne3 Bxb3 26. gxf5 exf5 27. Nxf5 Rd1+ 28. Rxd1 Bxd1 29. Ne7+ Kf7 30. Nc8 Bxa4 31. Nxa7 Bd7 32. Kf2 Kf6 33. Ke3 Ke5 34. Kd3 g5 35. e4 h5 36. h4 gxh4 37. gxh4 b5 38. Nxb5 Bxb5+ 39. Ke3 Bc6 40. Kf3 Bxe4+ 41. Kg3 Kf5 42. Kh3 Kf4 43. Kh2 Kg4 44. Kg1 Kxh4 45. Kh2 Kg4 46. Kg1 Kg3 0-1

[Event "GRE-ch U16 Girls"]
[Site "Peristeri"]
[Date "2023.07.06"]
[Round "6"]
[White "Diamanti, Eleni"]
[Black "Mplitsa, Artemis"]
[Result "0-1"]
[WhiteElo "1249"]
[BlackElo "1433"]
[PlyCount "66"]
[EventDate "2023.07.03"]
[EventType "swiss"]
[EventRounds "9"]
[EventCountry "GRE"]
[SourceTitle "EXT 2024"]
[Source "ChessBase"]
[SourceDate "2023.10.10"]
[SourceVersion "1"]
[SourceVersionDate "2023.10.10"]
[SourceQuality "1"]

1. e4 c5 2. Nf3 e6 3. d4 cxd4 4. Nxd4 Nf6 5. Nc3 Nc6 6. Be3 Bb4 7. Bd3 Qa5 8. Qd2 d5 9. exd5 Nxd5 10. Nxc6 bxc6 11. Bd4 f6 12. a3 e5 13. 0-0 exd4 14. axb4 Qxb4 15. Qe2+ Ne7 16. Nd1 0-0 17. c3 dxc3 18. bxc3 Qc5 19. Qc2 Bf5 20. Ne3 Bxd3 21. Qxd3 Rfd8 22. Qc2 Nd5 23. Nxd5 cxd5 24. Rfc1 Rdc8 25. Rd1 d4 26. Rxd4 Qxd4 27. Qa2+ Qc4 28. Qxc4+ Rxc4 29. Ra3 a5 30. Kf1 a4 31. Ke2 Rd8 32. h3 Kf7 33. Ra1 Ke6 0-1

[Event "GRE-ch U18 Girls"]
[Site "Larisa"]
[Date "2023.01.05"]
[Round "5"]
[White "Mplitsa, Artemis"]
[Black "Kalamoukou, Giolanta"]
[Result "0-1"]
[WhiteElo "1397"]
[BlackElo "1663"]
[PlyCount "116"]
[EventDate "2023.01.02"]
[EventType "swiss"]
[EventRounds "9"]
[EventCountry "GRE"]
[SourceTitle "CBM 212 Extra"]
[Source "ChessBase"]
[SourceDate "2023.03.31"]
[SourceVersion "1"]
[SourceVersionDate "2023.03.31"]
[SourceQuality "1"]

1. e4 d5 2. exd5 Qxd5 3. Nc3 Qd6 4. d4 Nf6 5. Nf3 a6 6. Ne5 Nc6 7. Nxc6 Qxc6 8. Bf4 Bf5 9. Qd2 e6 10. f3 Be7 11. Bd3 Bxd3 12. Qxd3 h6 13. Be5 0-0 14. 0-0 Rfd8 15. Rfd1 b5 16. Ne4 Nxe4 17. Qxe4 Qxe4 18. fxe4 c5 19. c3 Ra7 20. dxc5 Bxc5+ 21. Kf1 Rad7 22. Ke2 f6 23. Bg3 e5 24. Rxd7 Rxd7 25. a4 b4 26. Be1 bxc3 27. Bxc3 Kf7 28. Rc1 Bd4 29. Rd1 Ke6 30. Bxd4 exd4 31. Rc1 Rb7 32. Rc2 Ke5 33. Kd3 Rb3+ 34. Kc4 Re3 35. b4 Kxe4 36. b5 axb5+ 37. axb5 Re1 38. Rb2 Rc1+ 39. Kb3 d3 40. b6 Rc8 41. b7 Rb8 42. Kc3 Ke3 43. Rd2 Rxb7 44. Rxd3+ Ke4 45. Rg3 Ra7 46. Rg4+ Kf5 47. h3 g5 48. Kd2 Re7 49. Rg3 Re4 50. Rf3+ Kg6 51. Kd3 Re5 52. Kd4 Re2 53. Rg3 f5 54. Kd3 Ra2 55. Re3 Rxg2 56. Kd4 f4 57. Re6+ Kh5 58. Rf6 Rh2 0-1

[Event "GRE-chT U16 14th"]
[Site "Rio Achaia"]
[Date "2022.12.16"]
[Round "2"]
[White "Mplitsa, Artemis"]
[Black "Gkouva, Dimitra"]
[Result "1-0"]
[WhiteElo "1405"]
[BlackElo "1135"]
[PlyCount "63"]
[EventDate "2022.12.15"]
[EventType "team-swiss"]
[EventRounds "6"]
[EventCountry "GRE"]
[SourceTitle "EXT 2024"]
[Source "ChessBase"]
[SourceDate "2023.10.10"]
[SourceVersion "1"]
[SourceVersionDate "2023.10.10"]
[SourceQuality "1"]

1. e4 e5 2. Nf3 Nc6 3. Bb5 a6 4. Ba4 Nf6 5. 0-0 d6 6. Re1 b5 7. Bb3 Bg4 8. h3 Bxf3 9. Qxf3 Nd4 10. Qd1 Nxb3 11. axb3 Be7 12. d3 h6 13. Nd2 0-0 14. Re3 d5 15. exd5 Qxd5 16. c4 Qe6 17. d4 Nd7 18. Qf3 Qf6 19. dxe5 Nxe5 20. Qg3 Nc6 21. Qxc7 Bc5 22. Ne4 Qf5 23. g4 Rfc8 24. gxf5 Rxc7 25. Nxc5 Nb4 26. Bd2 Nc2 27. Rxa6 Rxa6 28. Re8+ Kh7 29. Nxa6 Rd7 30. Bc3 b4 31. Nxb4 Nxb4 32. Bxb4 1-0

[Event "GRE-ch U18 Girls"]
[Site "Kavala"]
[Date "2022.04.28"]
[Round "4"]
[White "Angelakopoulou, Ioanna"]
[Black "Mplitsa, Artemis"]
[Result "1/2-1/2"]
[WhiteElo "1319"]
[BlackElo "1426"]
[PlyCount "61"]
[EventDate "2022.04.26"]
[EventType "swiss"]
[EventRounds "9"]
[EventCountry "GRE"]
[SourceTitle "CBM 208 Extra"]
[Source "ChessBase"]
[SourceDate "2022.07.31"]
[SourceVersion "1"]
[SourceVersionDate "2022.07.31"]
[SourceQuality "1"]

1. d4 Nf6 2. c4 e6 3. Nc3 Bb4 4. Qc2 c5 5. e3 0-0 6. Nf3 b6 7. a3 Bxc3+ 8. Qxc3 Bb7 9. Be2 Ne4 10. Qc2 f5 11. 0-0 d6 12. b3 Rf6 13. dxc5 bxc5 14. Bb2 Rh6 15. Rad1 Nd7 16. Qd3 Qe7 17. Nd2 Nxd2 18. Rxd2 Qh4 19. f3 Qxh2+ 20. Kf2 Qh4+ 21. Kg1 Qh2+ 22. Kf2 Qh4+ 23. Kg1 Qh1+ 24. Kf2 Qh4+ 25. Kg1 Qh2+ 26. Kf2 Qh4+ 27. Kg1 Qh2+ 28. Kf2 Qh4+ 29. Kg1 Qh2+ 30. Kf2 Qh4+ 31. Kg1 1/2-1/2

[Event "EU-ch Hybrid U14 Girls"]
[Site "Tornelo INT"]
[Date "2021.10.15"]
[Round "6"]
[White "Gvatua, Mariam"]
[Black "Mplitsa, Artemis"]
[Result "1-0"]
[WhiteElo "1407"]
[BlackElo "1393"]
[PlyCount "61"]
[EventDate "2021.10.15"]
[EventType "swiss"]
[EventRounds "9"]
[EventCountry "NET"]
[SourceTitle "EXT 2023"]
[Source "ChessBase"]
[SourceDate "2022.10.05"]
[SourceVersion "1"]
[SourceVersionDate "2022.10.05"]
[SourceQuality "1"]
[WhiteTeam "Georgia"]
[BlackTeam "Greece"]
[WhiteTeamCountry "GEO"]
[BlackTeamCountry "GRE"]

1. d4 Nf6 2. Nc3 d5 3. Bg5 Nbd7 4. Nf3 h6 5. Bh4 e6 6. e3 Be7 7. Bd3 0-0 8. 0-0 c5 9. b3 Re8 10. Ne2 Ne4 11. Bxe7 Qxe7 12. Bxe4 dxe4 13. Nd2 f5 14. Nc4 b6 15. Nf4 Ba6 16. d5 exd5 17. Qxd5+ Qf7 18. Qxf7+ Kxf7 19. Nd6+ Kg8 20. Nxe8 Bxf1 21. Nc7 Rc8 22. Ncd5 Ba6 23. Ne7+ Kf7 24. Nxc8 Bxc8 25. Rd1 g5 26. Nd5 Bb7 27. Nc7 Bc6 28. Rd6 Ne5 29. Re6 g4 30. Rxe5 Kf6 31. Re6+ 1-0

[Event "EU-ch Hybrid U14 Girls"]
[Site "Tornelo INT"]
[Date "2021.10.15"]
[Round "8"]
[White "Havelkova, Beata"]
[Black "Mplitsa, Artemis"]
[Result "1-0"]
[WhiteElo "1558"]
[BlackElo "1393"]
[PlyCount "132"]
[EventDate "2021.10.15"]
[EventType "swiss"]
[EventRounds "9"]
[EventCountry "NET"]
[SourceTitle "EXT 2023"]
[Source "ChessBase"]
[SourceDate "2022.10.05"]
[SourceVersion "1"]
[SourceVersionDate "2022.10.05"]
[SourceQuality "1"]
[WhiteTeam "Czech Republic"]
[BlackTeam "Greece"]
[WhiteTeamCountry "CZE"]
[BlackTeamCountry "GRE"]

1. e4 e5 2. Nf3 Nc6 3. Bb5 a6 4. Ba4 Nf6 5. 0-0 Be7 6. Re1 b5 7. Bb3 d6 8. c3 0-0 9. h3 Nb8 10. d4 Nbd7 11. Nbd2 Bb7 12. Bc2 Re8 13. Nf1 Bf8 14. d5 c6 15. dxc6 Bxc6 16. Bg5 h6 17. Bxf6 Nxf6 18. a4 Qb6 19. axb5 axb5 20. Rxa8 Rxa8 21. Qe2 b4 22. c4 b3 23. Bb1 Bb7 24. N1d2 Ba6 25. Qe3 Qb4 26. Rc1 Nd7 27. Qxb3 Qxb3 28. Nxb3 Rb8 29. Nfd2 Nb6 30. Na5 Rc8 31. b4 Be7 32. Rc2 Rc7 33. b5 Bc8 34. Nc6 Bg5 35. Nf3 Bb7 36. c5 dxc5 37. Rxc5 Bf6 38. Ba2 Bxc6 39. bxc6 Nd7 40. Rc2 Nb8 41. Bd5 Kf8 42. Nd2 Ke7 43. Nb1 Na6 44. Na3 Nb4 45. Rc4 Na6 46. Nb5 Rc8 47. c7 Kd7 48. Bb7 Rxc7 49. Nxc7 Nxc7 50. Kf1 Bg5 51. Ke2 Bf4 52. Kf3 Bg5 53. Kg4 Be7 54. Kf5 Bf6 55. Rc5 Kd6 56. Rc6+ Kd7 57. Rxf6 gxf6 58. Kxf6 Kd6 59. Kxf7 Ne6 60. Kg6 Nf4+ 61. Kxh6 Nxg2 62. Kg5 Ke6 63. Bd5+ Kd6 64. h4 Nf4 65. h5 Nxh5 66. Kxh5 Kc5 1-0

[Event "GRE-ch U12 Girls"]
[Site "Patras"]
[Date "2019.07.01"]
[Round "9.4"]
[White "Papadopoulou, Marilena"]
[Black "Mplitsa, Artemis"]
[Result "1/2-1/2"]
[WhiteElo "1256"]
[BlackElo "1291"]
[PlyCount "118"]
[EventDate "2019.06.25"]
[EventType "swiss"]
[EventRounds "9"]
[EventCountry "GRE"]
[SourceTitle "EXT 2020"]
[Source "ChessBase"]
[SourceDate "2019.10.17"]
[SourceVersion "1"]
[SourceVersionDate "2019.10.17"]
[SourceQuality "1"]
[WhiteTeam "Greece"]
[BlackTeam "Greece"]
[WhiteTeamCountry "GRE"]
[BlackTeamCountry "GRE"]

1. e4 e5 2. Nf3 Nc6 3. Bb5 a6 4. Ba4 Nf6 5. 0-0 Be7 6. Re1 b5 7. Bb3 d6 8. c3 0-0 9. h3 Na5 10. Bc2 c5 11. d4 Qc7 12. d5 c4 13. Be3 Nb7 14. a4 Bd7 15. Nbd2 Nc5 16. Bxc5 Qxc5 17. Nf1 Rab8 18. axb5 axb5 19. Ng3 g6 20. Nd2 Ne8 21. Rf1 Ng7 22. Kh2 Bg5 23. Ne2 Bxd2 24. Qxd2 f5 25. Qe3 Qc7 26. f4 fxe4 27. fxe5 dxe5 28. Bxe4 Bf5 29. Ng3 Qb6 30. Qxb6 Rxb6 31. Rae1 Bc8 32. Rxf8+ Kxf8 33. Bf3 Rd6 34. Rxe5 Bb7 35. Ne4 Rxd5 36. Rxd5 Bxd5 37. Nd6 Bxf3 38. gxf3 Ne8 39. Nxb5 Kf7 40. Kg3 Ke6 41. Kf4 h6 42. Ke4 Nf6+ 43. Kd4 Nh5 44. Nc7+ Kd6 45. Nd5 Ng3 46. h4 Nf5+ 47. Kxc4 Nxh4 48. f4 Nf5 49. b4 h5 50. b5 h4 51. Nf6 h3 52. Ne4+ Kc7 53. Nf2 h2 54. Nh1 Nd6+ 55. Kc5 Nb7+ 56. Kd5 Kb6 57. c4 Nc5 58. Ke5 Nd3+ 59. Ke4 Nc5+ 1/2-1/2

[Event "GRE-ch U12 Girls"]
[Site "Patras"]
[Date "2019.06.27"]
[Round "4.2"]
[White "Mplitsa, Artemis"]
[Black "Gkoutzouki, Aikaterini Argyro"]
[Result "0-1"]
[WhiteElo "1291"]
[BlackElo "1339"]
[PlyCount "60"]
[EventDate "2019.06.25"]
[EventType "swiss"]
[EventRounds "9"]
[EventCountry "GRE"]
[SourceTitle "EXT 2020"]
[Source "ChessBase"]
[SourceDate "2019.10.17"]
[SourceVersion "1"]
[SourceVersionDate "2019.10.17"]
[SourceQuality "1"]
[WhiteTeam "Greece"]
[BlackTeam "Greece"]
[WhiteTeamCountry "GRE"]
[BlackTeamCountry "GRE"]

1. e4 c5 2. Nf3 d6 3. d4 cxd4 4. Nxd4 Nf6 5. Nc3 e5 6. Nf3 Nc6 7. Bc4 Be7 8. Be3 Bg4 9. 0-0 0-0 10. Re1 Rc8 11. Be2 Re8 12. Bg5 Be6 13. a3 h6 14. Bxf6 Bxf6 15. Nd5 Bxd5 16. Qxd5 Qc7 17. Rac1 Red8 18. Red1 Nd4 19. Nxd4 exd4 20. Bd3 Re8 21. f4 Qb6 22. Rb1 Rxc2 23. Kf1 Rc5 24. Qa2 Rec8 25. b4 Rc3 26. Qb2 Qc6 27. g3 Qa4 28. Rbc1 R8c6 29. Rxc3 Qxd1+ 30. Kf2 dxc3 0-1

[Event "Miercurea Ciuc Bancpost op 21th"]
[Site "Miercurea Ciuc"]
[Date "2018.08.17"]
[Round "1"]
[White "Muller, Wilhelm"]
[Black "Mplitsa, Artemis"]
[Result "1-0"]
[WhiteElo "1896"]
[BlackElo "1316"]
[PlyCount "43"]
[EventDate "2018.08.17"]
[EventType "swiss"]
[EventRounds "7"]
[EventCountry "ROU"]
[SourceTitle "CBM 189 Extra"]
[Source "ChessBase"]
[SourceDate "2019.05.31"]
[SourceVersion "1"]
[SourceVersionDate "2019.05.31"]
[SourceQuality "1"]

1. g3 e5 2. c4 Nf6 3. Bg2 d6 4. Nc3 Nc6 5. Nf3 Be7 6. 0-0 0-0 7. a3 h6 8. d3 Be6 9. e4 Qd7 10. Be3 Bh3 11. Qd2 Bxg2 12. Kxg2 Ng4 13. Nd5 Nxe3+ 14. Nxe3 Rab8 15. Rac1 Nd8 16. d4 exd4 17. Nxd4 Ne6 18. Ndf5 Nc5 19. f3 Nb3 20. Qc3 Bf6 21. Qxb3 g6 22. Nxh6+ 1-0

[Event "GRE-ch U12 Girls"]
[Site "Rio Achaia"]
[Date "2018.07.07"]
[Round "7"]
[White "Kiousi, Panagiota"]
[Black "Mplitsa, Artemis"]
[Result "1-0"]
[WhiteElo "1516"]
[BlackElo "1182"]
[PlyCount "79"]
[EventDate "2018.07.03"]
[EventType "swiss"]
[EventRounds "9"]
[EventCountry "GRE"]
[SourceTitle "EXT 2019"]
[Source "ChessBase"]
[SourceDate "2018.10.10"]
[SourceVersion "1"]
[SourceVersionDate "2018.10.10"]
[SourceQuality "1"]

1. d4 d5 2. c4 c6 3. Nf3 Nf6 4. Nc3 e6 5. Bg5 Be7 6. e3 0-0 7. Qc2 h6 8. Bh4 Nbd7 9. Bd3 dxc4 10. Bxc4 b5 11. Bd3 Bb7 12. 0-0 a6 13. Ne4 Nxe4 14. Bxe7 Qxe7 15. Bxe4 Rac8 16. a4 Nf6 17. Nd2 e5 18. dxe5 Qxe5 19. Bf3 Qe7 20. Rfc1 Qd7 21. Nb3 Nd5 22. Nc5 Qc7 23. Nxa6 Nxe3 24. Nxc7 Nxc2 25. Rxc2 Rxc7 26. axb5 c5 27. Bxb7 Rxb7 28. Rxc5 Rfb8 29. Ra5 Kf8 30. Kf1 Ke7 31. Ke2 Kd6 32. b4 Ke6 33. Kd3 Kd7 34. f3 Ke7 35. Kc4 Ke6 36. Rc6+ Kd7 37. Kc5 f6 38. b6 Kd8 39. Ra7 Rd7 40. Rxd7+ 1-0